[Event "Szirak Interzonal"]
[Site "Szirak"]
[Date "1987.??.??"]
[Round "8"]
[White "Christiansen, Larry Mark"]
[Black "Bouaziz, Slim"]
[Result "1-0"]
[WhiteElo "2575"]
[BlackElo "2370"]

1.d4 Nf6 2.Nf3 g6 3.Bg5 Bg7 4.Nbd2 h6 5.Bh4 g5 6.e4 d6 7.Bg3 Nh5 8.c3 e6
9.Bd3 O-O 10.Ng1 Nxg3 11.hxg3 e5 12.dxe5 dxe5 13.Qc2 Nd7 14.Rd1 Qe7 15.Ne2 Nc5
16.Bc4 Kh8 17.b4 Nd7 18.Nf1 Nf6 19.Ne3 a5 20.a3 c6 21.Nc1 Ng4 22.Nxg4 Bxg4
23.Be2 Be6 24.g4 axb4 25.axb4 c5 26.bxc5 Qxc5 27.O-O Rfc8 28.Qb2 Qxc3 29.Rd8+  1-0